000 00559nam a22001577a 4500
005 20120613144848.0
020 _a8176488216
_c00
035 _aB-158629
037 _aDPL
_bENG
100 _aAgarwal, S. K.
_948970
245 _aEnvironmental management /
_cby S. K. Agarwal
260 _aNew Delhi
_bAPH Publishing Corporation
_c2005
300 _avii, 390p.
_c20 cms.
942 _2ddc
_cEN
_h363.7
_mAGA
999 _c67869
_d67869